Luz acuosa
সংরক্ষণ করুন:
| প্রধান লেখক: | |
|---|---|
| বিন্যাস: | গ্রন্থ |
| ভাষা: | স্প্যানিশ |
| প্রকাশিত: |
Santiago
Ediciones Biblioteca Nacional
2015
|
| সংস্করন: | 1a. ed |
| বিষয়গুলি: | |
| ট্যাগগুলো: |
ট্যাগ যুক্ত করুন
কোনো ট্যাগ নেই, প্রথমজন হিসাবে ট্যাগ করুন!
|
MARC
| LEADER | 00000cam a2200000 a 4500 | ||
|---|---|---|---|
| 001 | UCD9657 | ||
| 003 | CL-VaPUC | ||
| 008 | 170630e20150000cl |||||||||||||||||spa|d | ||
| 020 | |a 9789562443258 | ||
| 082 | 0 | 4 | |a Cu861 |b ROD |2 21 |
| 100 | 0 | |a Rodríguez, Reina María |e author |9 593321 | |
| 245 | 1 | 0 | |a Luz acuosa |
| 250 | |a 1a. ed | ||
| 300 | |a 160 p | ||
| 942 | |c BK | ||
| 945 | |d 20170630 21:31:00 |a dcastane | ||
| 260 | |a Santiago |b Ediciones Biblioteca Nacional |c 2015 | ||
| 650 | 0 | |a Poesías cubanas |9 316897 | |
| 650 | 0 | |a Literatura cubana |9 315048 | |
| 583 | |a last modification |c 20170630 21:31:00 |k Rodrigo Vera | ||
| 999 | |c 368733 |d 368731 | ||
| 952 | |0 0 |1 0 |3 erb |4 0 |6 CU_861_000000000000000_ROD_2015 |7 0 |8 A |9 484150 |a BIBEDU |b BIBEDU |i 5403901 |o Cu861 ROD 2015 |p 5403901 |r 2019-11-24 |w 2019-11-24 |y BK |z Catalogado en:20170630 |k LIT | ||